The phantom of the opera /

Bibliographic Details
Main Author: Leroux, Gaston, 1868-1927
Format: Book
Language:English
Published: New York : Mysterious Press, 1988.

MARC

Tag First Indicator Second Indicator Subfields
LEADER 00000cam a2200000Ia 4500
001 in00001814621
005 20151025192011.0
008 880301s1988 nyua 000 1 eng d
020 |a 0892962798 :  |c $25.00 
035 |a (OCoLC)ocm17562390 
040 |a WIA  |c WIA  |d UUC  |d VRA  |d OCLCQ  |d UtOrBLW 
041 1 |a eng  |h fre 
049 |a TXAM 
090 |a PQ2623.E6  |b F213 1988b 
092 |a F  |b Ler 
100 1 |a Leroux, Gaston,  |d 1868-1927. 
240 1 0 |a Fantôme de l'Opéra.  |l English 
245 1 4 |a The phantom of the opera /  |c Gaston Leroux ; illustrated by André Castaigne ; introduction by Richard Dalby. 
264 1 |a New York :  |b Mysterious Press,  |c 1988. 
300 |a 245 pages, 5 unnumbered leaves of plates :  |b color illustrations ;  |c 26 cm. 
336 |a text  |b txt  |2 rdacontent 
337 |a unmediated  |b n  |2 rdamedia 
338 |a volume  |b nc  |2 rdacarrier 
500 |a Translation of : Le Fantóme de l'opéra. 
994 |a E0  |b TXA 
999 |a MARS 
999 f f |s d5443b4d-80ff-31d1-b821-708d4085984f  |i fa8399f0-f826-3e31-838c-f5dacc38dc07  |t 0 
952 f f |p normal  |a Texas A&M University  |b College Station  |c Sterling C. Evans Library  |s Evans stk  |d Evans: Library Stacks  |t 0  |e PQ2623.E6 F213 1988b  |h Library of Congress classification  |i unmediated -- volume  |m A14811531825 
998 f f |a PQ2623.E6 F213 1988b  |t 0  |l Evans: Library Stacks